[Event "ROU-chT Men Superliga 2018"]
[Site "Sovata"]
[Date "2018.11.26"]
[Round "3"]
[White "Patrascu, Catalin-Lucian"]
[Black "Vrencian, Lehel"]
[Result "1/2-1/2"]
[WhiteElo "2268"]
[BlackElo "2321"]
[Annotator "TA"]
[PlyCount "96"]
[EventDate "2018.11.24"]
[EventType "team-tourn"]
[EventCountry "ROU"]
[SourceTitle "playchess.com"]
[Source "ChessBase"]
[SourceQuality "1"]

{[%evp 22,96,23,19,36,11,13,-29,10,2,7,0,34,31,65,0,39,27,40,24,37,4,23,0,8,0,81,22,20,11,37,0,9,9,9,6,2,0,3,0,15,6,6,6,10,15,19,19,40,52,75,6,21,0,0,0,0,-7,-7,-112,-8,-11,0,0,0,0,0,0,0,0,0,0,0,0,0,0,0]} 1. c4 e5 2. Nc3 Bb4 3. g3 Nf6 4. Bg2 O-O 5. Nf3 Re8 6. O-O c6 7. d3 h6 {A22: English Opening: 1...e5 2 Nc3 Nf6} 8. e4 (8. Bd2 Bf8 9. e4 d5 10. exd5 cxd5 11. Nxd5 Nxd5 12. cxd5 Qxd5 13. Bc3 Qd6 14. d4 exd4 15. Nxd4 {1-0 (31) Laznicka,V (2657)-Sethuraman,S (2623) Grosseto Prugna 2015}) 8... Bxc3 9. bxc3 d5 10. cxd5 cxd5 11. exd5 Nxd5 12. Bb2 {LiveBook: 3 Games} Nc6 13. Re1 Bg4 $146 ({Predecessor:} 13... Bf5 14. a3 Nb6 15. Re3 {½-½ (58) Moutousis,K (2405)-Solomon,S (2445) Manila 1992}) 14. Qa4 Bf5 15. Rad1 Nb6 16. Qb5 Bd7 17. Qb3 Qf6 18. Nd2 (18. c4 $14) 18... Bg4 19. Ne4 Qg6 20. Rd2 Rad8 21. Ba3 Bc8 22. Bc5 Nd7 23. Ba3 {Nd6 is the strong threat.} Nf8 (23... Nb6 $11 {keeps the balance.}) 24. Nc5 (24. h4 $16) 24... b6 $11 25. Qa4 Na5 26. Rde2 bxc5 27. Qxa5 {[%mdl 64] [#] Double Attack} Qxd3 28. Re3 ({Avoid the trap} 28. Qxc5 $2 {[#]} Qxe2 $3 {[%mdl 512]} 29. Rxe2 Rd1+ 30. Re1 (30. Bf1 $2 Bh3 $19) 30... Rxe1+ 31. Bf1 Bh3 $19) 28... Qc2 29. Qxc5 Qxa2 30. Bb4 $36 {[%mdl 2048] White has good play.} Nd7 31. Qc7 {Hoping for Be7!} Nf6 32. Rxe5 Be6 33. h3 Rd2 34. Ra5 Qc2 {And now ...Bd5 would win.} 35. Qxa7 Red8 36. Qe3 (36. Raa1 $16) 36... Nd5 37. Bxd5 R2xd5 38. Rxd5 Rxd5 39. Bc5 Bxh3 40. Qe8+ Kh7 41. Bd4 {The position is equal.} Be6 42. Bxg7 $1 Kxg7 43. Rxe6 fxe6 44. Qe7+ Kh8 {( -> ...Rd1+)} 45. Qf6+ Kh7 46. Qf7+ Kh8 47. Qf6+ Kh7 48. Qe7+ Kh8 {Accuracy: White = 45%, Black = 49%.} 1/2-1/2

[Event "ROU-chT Men Superliga 2018"]
[Site "Sovata"]
[Date "2018.11.26"]
[Round "3"]
[White "Szabo, Attila"]
[Black "Marin, Mihail"]
[Result "0-1"]
[WhiteElo "2263"]
[BlackElo "2555"]
[Annotator "TA"]
[PlyCount "126"]
[EventDate "2018.11.24"]
[EventType "team-tourn"]
[EventCountry "ROU"]
[SourceTitle "playchess.com"]
[Source "ChessBase"]
[SourceQuality "1"]

{[%evp 9,126,9,27,19,40,19,23,21,22,7,18,21,39,20,51,55,65,52,63,54,57,56,62,60,55,47,56,24,39,33,53,79,74,28,10,7,15,0,0,0,7,-7,0,0,0,0,0,0,0,0,0,0,0,0,0,-7,-8,-13,-13,-13,-13,-14,-14,-18,-14,-22,-13,-14,-13,-14,-14,-14,-14,-14,-14,-14,-13,-14,-14,-16,-14,-17,-15,-34,-14,-14,-14,-90,-77,-72,-23,-170,-162,-135,-152,-296,-296,-295,-253,-295,-292,-290,-205,-722,-718,-174,-174,-1188,-1188,-1181,-1173,-1166,-1159,-1076,-553,-1152,-966,-956,-835]} 1. e4 e6 2. d4 d5 3. exd5 exd5 4. Nf3 Nf6 5. Bd3 c5 6. O-O {C01: French: Exchange Variation} Nc6 (6... c4 7. Re1+ Be7 8. Be2 O-O 9. b3 cxb3 10. axb3 Nc6 11. c3 Re8 12. Nbd2 Bd6 13. Bd3 Bg4 14. Rxe8+ Qxe8 {0-1 (52) Fontaine,R (2563)-Carlsen,M (2834) chess.com INT 2018}) 7. Re1+ Be7 8. dxc5 {White has an edge.} O-O 9. c3 Bxc5 10. Be3 Be7 11. h3 Ne4 $146 ({Predecessor:} 11... Re8 12. Nbd2 Bd7 13. Nb3 Qc7 14. Qc2 a6 15. Rad1 Rac8 16. Qb1 {½-½ (16) Schaedler,J (2120)-Gasthofer,V (2338) Germany 2002}) 12. Nbd2 Bf5 13. Qb1 {[%cal Rd2e4]} Nxd2 14. Nxd2 Bg6 15. Bxg6 hxg6 16. Nf3 Bf6 17. Qd3 Qa5 18. Nd4 Ne5 19. Qb5 Qxb5 20. Nxb5 Nc4 21. Rab1 (21. Nc7 $5 {[%cal Rc7a8]}) 21... Nxe3 22. Rxe3 a6 23. Nd4 Bxd4 24. cxd4 $11 {[%mdl 4096] Endgame KRR-KRR} Rac8 25. Rc3 Rxc3 26. bxc3 {KR-KR} b5 27. a4 bxa4 28. Ra1 a5 29. Rxa4 Ra8 30. Kf1 Kf8 31. Ke2 Ke7 32. Kd3 Kd6 33. c4 dxc4+ 34. Kxc4 g5 35. Kd3 Kd5 36. f3 Ra6 37. Kc3 Ra7 38. Kd3 Ra8 39. Kc3 Ke6 40. Kd3 f6 41. Ke4 Ra6 42. Ke3 Kd5 43. Kd3 Ra7 44. Kc3 Kc6 45. Kc4 $1 Ra8 46. Kc3 Ra6 47. Kc4 Ra7 48. Kc3 (48. d5+ $11 Kd6 49. Kd4) 48... Kb5 49. Rc4 a4 {[%cal Ba5a4,Ba4a3][%mdl 32] Threatens to win with ...a3.} (49... Kb6 $5 {[%cal Ra7c7]}) 50. Rb4+ (50. Rc5+ $1 $11 Kb6 51. Kb2) 50... Kc6 $19 51. Kb2 a3+ 52. Ka2 (52. Ka1 $17) 52... Kd5 53. g3 Re7 54. h4 gxh4 55. gxh4 Re3 56. Rb7 $2 {[#]} (56. f4) 56... Kxd4 57. Rxg7 Rxf3 58. h5 $2 (58. Rg4+ Ke5 59. Rg8) 58... Rh3 {Black is clearly winning.} 59. Rh7 Ke5 60. Rh8 Kf4 61. h6 Kf5 62. Ka1 Kg6 63. Rg8+ Kh7 {Accuracy: White = 45%, Black = 74%.} 0-1

[Event "ROU-chT Men Superliga 2018"]
[Site "Sovata"]
[Date "2018.11.26"]
[Round "3"]
[White "Scripcaru, George-Daniel"]
[Black "Vasiesiu, Victor"]
[Result "1/2-1/2"]
[WhiteElo "2176"]
[BlackElo "2270"]
[Annotator "NA"]
[PlyCount "49"]
[EventDate "2018.11.24"]
[EventType "team-tourn"]
[EventCountry "ROU"]
[SourceTitle "playchess.com"]
[Source "ChessBase"]
[SourceQuality "1"]
[TimeControl "40/5400+30:1800+30"]

1. Nf3 {[%emt 0:00:00]} Nf6 {[%emt 0:00:00]} 2. g3 {[%emt 0:00:00]} g6 {[%emt 0:00:00]} 3. b3 {[%emt 0:00:03]} Bg7 {[%emt 0:00:01]} 4. Bb2 {[%emt 0:00:06]} O-O {[%emt 0:01:53]} 5. Bg2 {[%emt 0:02:53]} c5 {[%emt 0:00:42]} 6. c4 {[%emt 0:01:08]} Nc6 {[%emt 0:00:41]} 7. O-O {[%emt 0:00:10]} d6 {[%emt 0:02:05]} 8. d4 {[%emt 0:08:31]} cxd4 {[%emt 0:04:27]} 9. Nxd4 {[%emt 0:00:13]} Bd7 {[%emt 0:00:09]} 10. Nc2 {[%emt 0:07:50]} a6 {[%emt 0:07:14]} 11. Nc3 {[%emt 0:00:06]} Qa5 {[%emt 0:06:14]} 12. Nd5 {[%emt 0:20:48] A38: Symmetrical English vs ...g6: 4 Bg2 Bg7 5 Nf3 Nf6} Nxd5 {[%emt 0:02:02]} 13. Bxg7 {[%emt 0:00:07]} Nc3 {[%emt 0:05:43]} 14. Bxc3 {[%emt 0:00:08]} Qxc3 {[%emt 0:00:04]} 15. Ne3 {[%emt 0:04:05]} Be6 {[%emt 0:02:28] LiveBook: 6 Games} 16. Nd5 {[%emt 0:03:48]} (16. Rc1 Qa5 17. Qc2 Rfc8 18. Qb2 Rab8 19. Rfd1 Qe5 {½-½ (43) Topalov,V (2752)-Grischuk,A (2754) London 2012}) 16... Bxd5 {[%emt 0:00:13]} 17. Qxd5 $146 {[%emt 0:07:08]} ({Predecessor:} 17. Bxd5 Rac8 18. Qc1 Qa5 19. Rd1 b5 20. Bxc6 Rxc6 21. Qg5 Re8 22. cxb5 Qxb5 {½-½ (22) Cvetkovic,S (2303)-Pantelic,S (2358) Veliko Gradiste 2016}) 17... Rac8 {[%emt 0:10:21]} 18. Rfd1 {[%emt 0:00:57]} Rc7 {[%emt 0:01:16]} 19. h4 {[%emt 0:12:23]} h5 {[%emt 0:03:53]} 20. Qe4 {[%emt 0:03:39]} Qe5 {[%emt 0:02:16]} 21. Qd3 {[%emt 0:03:08]} Rb8 $11 {[%emt 0:04:35]} 22. Rac1 {[%emt 0:01:08]} Qf6 {[%emt 0:05:05]} 23. Qd2 {[%emt 0:04:55]} b6 {[%emt 0:04:24]} 24. Bd5 {[%emt 0:01:58]} Ne5 {[%emt 0:04:22]} 25. Kg2 {[%emt 0:05:56]} 1/2-1/2

[Event "ROU-chT Men Superliga 2018"]
[Site "Sovata"]
[Date "2018.11.26"]
[Round "3"]
[White "Panait, Mihai-Catalin"]
[Black "Costachi, Mihnea"]
[Result "0-1"]
[WhiteElo "2140"]
[BlackElo "2484"]
[Annotator "TA"]
[PlyCount "78"]
[EventDate "2018.11.24"]
[EventType "team-tourn"]
[EventCountry "ROU"]
[SourceTitle "playchess.com"]
[Source "ChessBase"]
[SourceQuality "1"]

{[%evp 12,78,0,0,13,5,36,32,37,50,60,58,59,-10,0,0,0,0,0,-103,-71,-69,-67,-65,-70,-66,-56,-61,-55,-74,-65,-92,-84,-81,-83,-102,-97,-94,-95,-133,-135,-135,-124,-130,-131,-135,-95,-201,-202,-220,-218,-228,-228,-210,-201,-195,-110,-105,-115,-118,-110,-157,-164,-218,-206,-29992,-29993,-29993,-29994]} 1. Nf3 Nf6 2. g3 g6 3. Bg2 Bg7 4. O-O O-O 5. d3 d6 6. e4 e5 7. c4 {LiveBook: 3 Games. A05: Réti Opening: 1 Nf3 Nf6} (7. Nbd2 Nbd7 8. a4 a5 9. Nc4 Nc5 10. Be3 b6 11. Qd2 Ne6 12. Bh6 Bxh6 13. Qxh6 Ba6 14. Ne3 Kh8 15. Ng5 Nxg5 16. Qxg5 Nh5 17. Qh6 {½-½ (60) Fedorov,A (2555)-Landa,K (2645) Czechia 2014}) 7... h6 8. Nc3 c6 9. d4 {White is slightly better.} exd4 $146 ({Predecessor:} 9... Nh5 10. Re1 Bg4 11. Be3 Qc8 12. Qd2 Kh7 13. Rac1 Na6 14. a3 f5 15. exf5 gxf5 16. h3 Bxf3 17. Bxf3 {0-1 (40) Der Manuelian,H (2066)-Bryant,T (2104) ICC INT 2014}) 10. Nxd4 Nbd7 {[%cal Bb8d7,Bd7e5,Be5g4,Bg4e3][%mdl 32]} 11. Be3 Re8 12. Qd2 (12. b3 $14) 12... Ne5 13. b3 $1 Neg4 14. Rad1 Nxe3 15. fxe3 (15. Qxe3 $11 {was the only way to keep the balance.} Qb6 16. f3) 15... Qa5 16. Nd5 Qxd2 $1 17. Nxf6+ Bxf6 18. Rxd2 Bg7 19. Nc2 Be5 20. Nd4 a5 {[%cal Ba7a5,Ba5a4][%mdl 32]} 21. Nf3 a4 22. Nxe5 dxe5 23. Bf3 axb3 24. axb3 Be6 25. Rff2 Ra3 26. Bd1 Ra1 27. Kg2 Rea8 28. h3 h5 29. Bf3 (29. g4 $17) 29... Rb1 $19 30. Rb2 {[#]} Raa1 $1 31. Rfd2 Rh1 32. g4 Rhg1+ 33. Kh2 hxg4 ({Better is} 33... h4 $19 34. Rd3 Rgb1 35. Rxb1 Rxb1 36. Rd8+ Kg7) 34. Bxg4 $17 Bxg4 35. hxg4 Rxg4 $19 {KRR-KRR} 36. Rd8+ Kg7 37. Rd7 (37. Rf2 {was necessary.}) 37... Ra8 {[%cal Ra8h8]} ({Don't do} 37... Rxe4 38. Rxb7 Rf1 39. Kg2) 38. Kh3 $2 {[#]} (38. Rg2 $19 Rxe4 39. Rf2) 38... Rg5 $1 {[%cal Ra8h8]} 39. Kh4 Rg1 {Accuracy: White = 37%, Black = 61%.} 0-1

[Event "ROU-chT Men Superliga 2018"]
[Site "Sovata"]
[Date "2018.11.26"]
[Round "3"]
[White "Popescu, Daniel-Vasilica"]
[Black "Nastase, Robert-Paul"]
[Result "0-1"]
[WhiteElo "2131"]
[BlackElo "2296"]
[Annotator "ChessBase"]
[PlyCount "124"]
[EventDate "2018.11.24"]
[EventType "team-tourn"]
[EventCountry "ROU"]
[SourceTitle "playchess.com"]
[Source "ChessBase"]
[SourceQuality "1"]
[TimeControl "40/5400+30:1800+30"]

1. e4 {[%emt 0:00:00]} e5 {[%emt 0:00:00]} 2. Bc4 {[%emt 0:00:00]} Nf6 {[%emt 0:00:00]} 3. d3 {[%emt 0:00:22]} Bc5 {[%emt 0:00:10]} 4. Nf3 {[%emt 0:00:05]} d6 {[%emt 0:00:12]} 5. c3 {[%emt 0:01:45]} Nc6 {[%emt 0:00:06]} 6. Be3 {[%emt 0:01:27]} Bb6 {[%emt 0:01:37]} 7. Nbd2 {[%emt 0:06:01]} O-O {[%emt 0:07:40]} 8. Bb3 {[%emt 0:03:11]} Ng4 {[%emt 0:05:03]} 9. Bxb6 {[%emt 0:04:05]} axb6 {[%emt 0:00:05]} 10. O-O {[%emt 0:04:29]} Ne7 {[%emt 0:05:26]} 11. d4 {[%emt 0:05:05]} Ng6 {[%emt 0:00:23]} 12. Re1 {[%emt 0:06:16]} Qf6 {[%emt 0:15:03]} 13. Nf1 {[%emt 0:10:38]} Nf4 {[%emt 0:00:35]} 14. h3 {[%emt 0:25:27]} Nh6 {[%emt 0:00:16]} 15. Ne3 {[%emt 0:08:30]} c6 {[%emt 0:27:01]} 16. Kh2 {[%emt 0:05:35]} b5 {[%emt 0:07:40]} 17. Ng1 {[%emt 0:06:50]} Kh8 {[%emt 0:10:30]} 18. Qf3 {[%emt 0:00:25]} Ng8 {[%emt 0:02:40]} 19. Rad1 {[%emt 0:03:07]} Qh6 {[%emt 0:09:08]} 20. dxe5 {[%emt 0:00:53]} dxe5 {[%emt 0:00:06]} 21. Ng4 {[%emt 0:01:08]} Qg5 {[%emt 0:00:58]} 22. Rd6 {[%emt 0:01:42]} Qe7 {[%emt 0:01:27]} 23. Rd2 {[%emt 0:00:44]} Bxg4 {[%emt 0:01:01]} 24. Qxg4 {[%emt 0:00:44]} Nf6 {[%emt 0:00:05]} 25. Qf3 {[%emt 0:00:48]} Rfd8 {[%emt 0:00:48]} 26. Red1 {[%emt 0:00:07]} Kg8 {[%emt 0:00:25]} 27. g3 {[%emt 0:00:52]} Ne6 {[%emt 0:00:55]} 28. Bxe6 {[%emt 0:00:36]} fxe6 {[%emt 0:02:41]} 29. Rxd8+ {[%emt 0:01:54]} Rxd8 {[%emt 0:00:06]} 30. Rxd8+ {[%emt 0:00:29]} Qxd8 {[%emt 0:00:05]} 31. Qe2 {[%emt 0:00:05]} Qa5 {[%emt 0:00:05]} 32. a3 {[%emt 0:01:09]} Qa4 {[%emt 0:00:05]} 33. f3 {[%emt 0:00:47]} Kf7 {[%emt 0:00:42]} 34. Qd2 {[%emt 0:00:36]} h6 {[%emt 0:00:07]} 35. Ne2 {[%emt 0:00:37]} Ke7 {[%emt 0:00:06]} 36. h4 {[%emt 0:00:32]} Nd7 {[%emt 0:01:24]} 37. g4 {[%emt 0:00:21]} Nb6 {[%emt 0:01:49]} 38. g5 {[%emt 0:00:56]} Nc4 {[%emt 0:00:15]} 39. Qc1 {[%emt 0:00:05]} h5 {[%emt 0:00:41]} 40. g6 {[%emt 0:00:00]} Qb3 {[%emt 0:00:00]} 41. Ng3 {[%emt 0:21:44]} Qxb2+ {[%emt 0:00:10]} 42. Qxb2 {[%emt 0:00:08]} Nxb2 {[%emt 0:00:02]} 43. Nxh5 {[%emt 0:00:05]} Nc4 {[%emt 0:05:49]} 44. Kg3 {[%emt 0:01:21]} Kf8 {[%emt 0:08:23]} 45. Kg4 {[%emt 0:01:27]} Nd2 {[%emt 0:06:06]} 46. Ng3 {[%emt 0:02:06]} Nb1 {[%emt 0:00:04]} 47. h5 {[%emt 0:01:48]} Nxa3 {[%emt 0:04:24]} 48. Kg5 {[%emt 0:00:37]} Nc4 {[%emt 0:00:44]} 49. h6 {[%emt 0:00:14]} gxh6+ {[%emt 0:00:03]} 50. Kxh6 {[%emt 0:02:33]} Nd6 {[%emt 0:02:43]} 51. Kh7 {[%emt 0:02:26]} Ne8 {[%emt 0:00:04]} 52. Ne2 {[%emt 0:02:16]} c5 {[%emt 0:02:05]} 53. f4 {[%emt 0:00:09]} b4 {[%emt 0:04:15]} 54. cxb4 {[%emt 0:00:46]} cxb4 {[%emt 0:00:05]} 55. f5 {[%emt 0:00:53]} exf5 {[%emt 0:01:07]} 56. exf5 {[%emt 0:00:06]} b3 {[%emt 0:00:05]} 57. Nc3 {[%emt 0:00:56]} b2 {[%emt 0:00:07]} 58. Kh6 {[%emt 0:00:21]} e4 {[%emt 0:00:15]} 59. Kg5 {[%emt 0:00:06]} e3 {[%emt 0:00:13]} 60. f6 {[%emt 0:00:16]} b1=Q {[%emt 0:01:13]} 61. Nxb1 {[%emt 0:01:03]} e2 {[%emt 0:00:05]} 62. f7 {[%emt 0:00:45]} Ng7 {[%emt 0:00:24]} 0-1

[Event "ROU-chT Men Superliga 2018"]
[Site "Sovata"]
[Date "2018.11.26"]
[Round "3"]
[White "Casangiu, Paul-Horatiu"]
[Black "Toma, Radu-Cristian"]
[Result "1-0"]
[WhiteElo "2027"]
[BlackElo "2354"]
[Annotator "TA"]
[PlyCount "110"]
[EventDate "2018.11.24"]
[EventType "team-tourn"]
[EventCountry "ROU"]
[SourceTitle "playchess.com"]
[Source "ChessBase"]
[SourceQuality "1"]

{[%evp 12,110,21,6,12,6,4,0,4,-44,-27,-41,-33,-55,-8,-11,-4,-6,-6,-8,-6,-8,0,0,0,0,2,2,45,44,44,47,53,53,49,23,30,0,7,0,25,0,54,56,52,45,86,97,98,-42,-31,-85,-27,-27,-25,-30,23,-56,-37,-180,-44,-312,-77,-190,-199,-222,0,0,8,0,8,0,161,154,158,159,292,295,278,283,268,168,171,170,332,334,428,415,367,346,29958,5995,29967,29968,29973,29974,29974,29974,29968,29954,29964]} 1. d4 Nf6 2. Nf3 e6 3. g3 b5 4. Bg2 Bb7 5. O-O Be7 6. Qd3 a6 {A46: 1 d4 Nf6 2 Nf3 e6: Torre, London and Colle Systems} 7. Nbd2 {LiveBook: 8 Games} O-O 8. e4 d5 {[%cal Rd5e4] The position is equal.} 9. e5 Nfd7 10. h4 $146 ({Predecessor:} 10. Nb3 a5 11. Qxb5 Bc6 12. Qd3 a4 13. Nbd2 Bb7 {1-0 (51) Repka,C (2480)-Malinovsky,K (2483) Czech Republic 2017}) 10... c5 11. c3 Nc6 12. a3 cxd4 13. cxd4 b4 14. a4 a5 15. Re1 Ba6 16. Qe3 {[#]} b3 $1 {[%mdl 512]} 17. Qxb3 (17. Nxb3 Nb4) 17... Qc7 18. Bf1 Nb4 {...Nc2 is the strong threat.} 19. Rb1 $1 Rab8 20. Bxa6 Nxa6 21. Qd1 Nb4 22. Nf1 Rfc8 23. Bg5 Bxg5 24. Nxg5 h6 25. Nf3 $1 Nb6 {[%cal Bd7b6,Bb6c8,Bc8e7][%mdl 32]} 26. Ne3 Qd7 (26... Nc4 $11) 27. b3 $1 $14 Rc3 28. Qd2 Rd3 29. Qb2 Nc6 {With the idea ...Nxa4!} 30. Qa1 (30. Rec1 $16) 30... Nc8 $1 $15 31. Qa3 (31. Rec1 $15) 31... Nxd4 (31... Qb7 $17) 32. Nxd4 $11 Rxd4 33. Qc5 Re4 (33... Qa7 $142 34. Rec1 Qxc5 35. Rxc5 Nb6) 34. Rec1 (34. Qxa5 $11 Rxe5 35. Rec1) 34... Ne7 35. f3 ({White should try} 35. Qd6 $15 Qe8 36. Rc5) 35... Rxe5 (35... Rc8 $19 36. Qb6 Rxe5) 36. Ng4 $2 {[%mdl 8192]} ({Better is} 36. Kf2 $1 $15) 36... Rf5 $2 (36... Re2 $19 37. Qxa5 Nf5) 37. Kg2 (37. f4 $17) 37... d4 $19 38. Ne5 Qd5 $2 (38... Qd8 $1 $19 39. g4 Rf4) 39. Qxd5 $11 exd5 40. f4 g5 41. Rc7 Re8 $2 {[#]} (41... Ng6 $11 {and Black has nothing to worry.}) 42. Ng4 $1 $36 {[%mdl 2048] White has strong initiative.} Kg7 43. Re1 d3 (43... h5 $16) 44. Rcxe7 (44. Rexe7 d2 $18) 44... Rxe7 45. Rxe7 {[%mdl 4096] Endgame KRN-KR} d2 46. Ne3 gxf4 {[#]} 47. Nd1 $1 (47. Nxf5+ $2 {is the wrong capture.} Kf6 $19) 47... fxg3 $2 (47... Rf6 48. Rd7 fxg3 49. Rxd5 {[%mdl 64] Double Attack} Rb6) 48. Re2 ({And not} 48. Kxg3 Rf1 $17) 48... Kf6 49. Rxd2 Ke5 50. Kxg3 {And now Ne3 would win.} d4 $2 (50... Rf6 $18 51. Nc3 Rg6+ 52. Kf3 Rf6+ 53. Ke3 Rd6) 51. Rf2 Rxf2 52. Nxf2 {White mates.} Kd5 53. Kf4 Kc5 54. Nd3+ Kd5 55. Kf5 h5 {Accuracy: White = 42%, Black = 33%.} 1-0

[Event "ROU-chT Men Superliga 2018"]
[Site "Sovata"]
[Date "2018.11.27"]
[Round "4"]
[White "Berkes, Ferenc"]
[Black "Svetushkin, Dmitry"]
[Result "1/2-1/2"]
[WhiteElo "2661"]
[BlackElo "2605"]
[Annotator "TA"]
[PlyCount "35"]
[EventDate "2018.11.24"]
[EventType "team-tourn"]
[EventCountry "ROU"]
[SourceTitle "playchess.com"]
[Source "ChessBase"]
[SourceQuality "1"]

{[%evp 23,35,10,18,0,1,0,0,0,0,0,6,-17,-12,-25]} 1. d4 Nf6 2. Nf3 e6 3. g3 b6 4. Bg2 Bb7 5. O-O Be7 6. c4 O-O 7. Re1 Na6 8. Nc3 Ne4 {E18: Queen's Indian: Old Main Line (4 g3 Bb7 5 Bg2 Be7 6 0-0 0-0 7 Nc3)} 9. Nxe4 (9. Bf4 Nxc3 10. bxc3 Nb8 11. e4 d6 12. e5 dxe5 13. Nxe5 Bxg2 14. Kxg2 Bd6 15. Qf3 Nd7 16. Rad1 {1-0 (30) Vidit,S (2707)-Bologan,V (2610) Poikovsky 2018}) 9... Bxe4 10. Ne5 Bxg2 11. Kxg2 Bf6 12. Nf3 c5 {LiveBook: 4 Games. The position is equal.} 13. e4 d5 $146 ({Predecessor:} 13... d6 14. Qa4 Nb8 15. e5 dxe5 16. dxc5 bxc5 17. Nxe5 {1-0 (67) Schreiner,P (2419)-Matt,F (2290) Vienna 2015}) 14. cxd5 exd5 15. e5 Be7 16. e6 fxe6 17. Rxe6 {[#] Strongly threatening Qe2.} Nc7 18. Re1 1/2-1/2

[Event "ROU-chT Men Superliga 2018"]
[Site "Sovata"]
[Date "2018.11.27"]
[Round "4"]
[White "Baklan, Vladimir"]
[Black "Morozov, Nichita"]
[Result "1/2-1/2"]
[WhiteElo "2605"]
[BlackElo "2439"]
[Annotator "TA"]
[PlyCount "56"]
[EventDate "2018.11.24"]
[EventType "team-tourn"]
[EventCountry "ROU"]
[SourceTitle "playchess.com"]
[Source "ChessBase"]
[SourceQuality "1"]

{[%evp 16,56,41,34,43,43,43,34,36,29,35,28,46,46,50,50,48,50,41,40,45,48,45,48,53,37,31,32,50,42,62,23,14,21,22,0,0,0,0,0,49,-11,0]} 1. e4 d6 2. d4 Nf6 3. Nc3 e5 4. Nf3 Nbd7 {[%cal Bb8d7,Bd7e5,Be5c6,Bc6b4][%mdl 32]} 5. a4 Be7 6. Bc4 O-O 7. O-O exd4 {C41: Philidor Defence} (7... c6 8. Re1 b6 9. h3 a6 10. Ba2 Rb8 11. Be3 b5 12. axb5 axb5 13. b4 Bb7 14. Bb3 exd4 15. Nxd4 d5 16. exd5 Bxb4 17. Bd2 cxd5 18. Ncxb5 Bxd2 19. Qxd2 {½-½ (30) Kryvoruchko,Y (2705)-Laznicka,V (2671) Brest 2018}) 8. Nxd4 Ne5 9. Bb3 {LiveBook: 3 Games} c5 {White is slightly better.} 10. Nde2 Be6 11. Ba2 $146 ({Predecessor:} 11. Bxe6 fxe6 12. f4 Nc6 13. f5 d5 14. Nf4 Nd4 15. e5 {1-0 (31) Nikitenko,M (2374)-Filyanin,D (2006) Kazan 2016}) 11... Nc6 12. Nf4 Bxa2 13. Rxa2 Nb4 14. Ra1 Re8 15. f3 d5 16. Nfxd5 Nfxd5 17. Nxd5 Nxd5 18. Qxd5 Qxd5 19. exd5 Bf6 20. Rd1 Re2 $1 21. c3 Rae8 22. Bd2 Kf8 23. d6 {Bf4 is the strong threat.} R8e6 24. d7 {[#] Strongly threatening Bf4.} Ke7 $1 25. Kf1 Kd8 26. a5 {[%cal Ba4a5,Ba5a6][%mdl 32]} Bh4 27. a6 b6 28. Kg1 (28. b4 $14) 28... Bf2+ {Accuracy: White = 54%, Black = 83%.} 1/2-1/2

[Event "ROU-chT Men Superliga 2018"]
[Site "Sovata"]
[Date "2018.11.27"]
[Round "4"]
[White "Deac, Bogdan-Daniel"]
[Black "Istratescu, Andrei"]
[Result "1-0"]
[WhiteElo "2598"]
[BlackElo "2565"]
[Annotator "TA"]
[PlyCount "122"]
[EventDate "2018.11.24"]
[EventType "team-tourn"]
[EventCountry "ROU"]
[SourceTitle "playchess.com"]
[Source "ChessBase"]
[SourceQuality "1"]

{[%evp 19,122,25,45,48,48,53,40,41,57,57,62,65,62,57,54,64,50,38,38,28,158,159,159,158,154,144,155,134,202,159,153,194,170,117,121,114,135,131,151,160,142,137,154,164,163,138,165,158,156,156,190,183,212,212,230,229,224,224,237,219,219,153,457,443,435,394,552,253,242,238,322,319,435,638,691,706,695,639,665,662,620,606,564,539,963,368,943,923,903,842,774,785,1327,1375,1293,1268,1002,70,552,0,718,0,31,31,363]} 1. Nf3 Nf6 2. c4 e6 3. g3 d5 4. d4 Bb4+ 5. Bd2 Bd6 6. Nc3 {E01: Catalan: Early deviations} c6 7. Qc2 Nbd7 8. e4 Nxe4 9. Nxe4 dxe4 10. Qxe4 Nf6 {LiveBook: 9 Games} 11. Qc2 b6 12. Bg2 $146 ({Predecessor:} 12. c5 Be7 {½-½ (52) Grischuk,A (2782)-Caruana,F (2799) Saint Louis 2017}) 12... Bb7 13. c5 Be7 14. O-O bxc5 15. dxc5 a5 16. Bc3 O-O 17. Ng5 $36 {[%mdl 2048] White is pushing.} g6 $1 18. Ne4 Nxe4 19. Qxe4 Bf6 (19... Qd5 $1 $11) 20. Rfd1 $16 Qe7 21. Be5 Rfc8 22. Rd6 Kg7 23. Rad1 Rc7 (23... Bxe5 $16 24. Qxe5+ Qf6) 24. g4 {[%cal Bg3g4,Bg4g5][%mdl 32]} Bxe5 25. Qxe5+ Qf6 26. Rxe6 (26. Qg3 $1 $18) 26... Qxe5 27. Rxe5 Bc8 28. Re8 {Strongly threatening Rdd8.} Raa7 29. g5 $1 {aiming for Rdd8.} Bd7 30. Rb8 a4 31. b4 axb3 32. axb3 Rab7 33. Rxb7 Rxb7 $18 {[%mdl 4096] Endgame KRB-KRB} 34. b4 Rc7 35. h4 {[%cal Bh2h4,Bh4g5][%mdl 32]} h6 36. Kh2 hxg5 37. hxg5 Kf8 38. Kg3 Ke7 39. Re1+ Kd8 40. Bh3 {Rd1 is the strong threat.} Bxh3 $2 (40... Be8 $16 41. Kf4 Ra7) 41. Kxh3 $16 {KR-KR} Rd7 42. Re4 Rd5 (42... Rd3+ {was called for.} 43. Kg4 Rd5) 43. Kg4 (43. f4 $142 Kd7 44. Kh4) 43... Kd7 {[#]} 44. f3 $1 {[%cal Bf2f3,Bf3f4][%mdl 32]} Rd1 45. Kg3 Rd5 46. f4 Rd3+ 47. Kf2 Rb3 48. Ke2 Kd8 49. Kd2 Kd7 50. Rd4+ Kc7 51. Ke2 Kc8 52. Kf2 $2 (52. Rd6 Rxb4 53. Rf6 (53. Rxc6+ Kd7 $16)) 52... Rb2+ $2 (52... Rb1 53. Kf3 Rf1+ 54. Ke2 Rb1) 53. Kf3 $18 Rb1 54. Rd6 Rb3+ 55. Ke2 Rxb4 56. Rxc6+ Kd8 57. Rf6 Ke7 58. Kf3 $2 (58. Kd3 $18 Ke8 59. c6) 58... Rc4 $2 {[%mdl 8192] [#]} (58... Rd4 $14) 59. Ke3 $2 (59. c6 $1 $18 {Threatens to win with Ke3.} Rc1 60. Ke4) 59... Rc1 $2 {[%mdl 8192]} (59... Rxc5 $11 60. Ra6 Rc4) 60. Kf3 $2 (60. Kd4 $18 {Black must now prevent Kd5.} Rd1+ 61. Kc4) 60... Ke8 61. c6 Ke7 $2 {[%mdl 8192] Accuracy: White = 58%, Black = 38%.} ({Better is} 61... Re1 $1 $14) 1-0